Anthologie bilingue de la poésie espagnole / (Record no. 172613)

MARC details
000 -LEADER
campo de control de longitud fija 01028nam a2200289 i 4500
001 - NÚMERO DE CONTROL
campo de control 172613
003 - IDENTIFICADOR DE NÚMERO DE CONTROL
campo de control ES-MaACL
005 - FECHA Y HORA DE LA ÚLTIMA TRANSACCIÓN
campo de control 20250725232356.0
008 - DATOS DE LONGITUD FIJA--INFORMACIÓN GENERAL
campo de control de longitud fija 090728s1995 fr |||| | spa d
020 ## - NÚMERO INTERNACIONAL ESTÁNDAR DEL LIBRO
Número Internacional Estándar del Libro 2-07-011383-3
080 ## - NÚMERO DE LA CLASIFICACIÓN DECIMAL UNIVERSAL
Número de la Clasificación Decimal Universal 821.134.2-1(082.2)
245 00 - MENCIÓN DEL TÍTULO
Título Anthologie bilingue de la poésie espagnole /
Mención de responsabilidad, etc. préface de Nadine Ly ; édition établie sous la direction de Nadine Ly ; avec la collaboration de Yves Aguila ... [et al.].
260 ## - PUBLICACIÓN, DISTRIBUCIÓN, ETC.
Lugar de publicación, distribución, etc. [Paris] :
Nombre del editor, distribuidor, etc. Gallimard,
Fecha de publicación, distribución, etc. 1995.
300 ## - DESCRIPCIÓN FÍSICA
Extensión XCIX, 1340 p. ;
Dimensiones 18 cm.
490 1# - MENCIÓN DE SERIE
Mención de serie Bibliothèque de la Pléiade ;
Designación de volumen o secuencia 419
490 1# - MENCIÓN DE SERIE
Mención de serie NRF
500 ## - NOTA GENERAL
Nota general Cronología.
500 ## - NOTA GENERAL
Nota general Índices.
504 ## - NOTA DE BIBLIOGRAFÍA, ETC.
Nota de bibliografía, etc. Bibliografía.
546 ## - NOTA DE IDIOMA
Nota de lengua/lenguaje Texto en español y traducción en francés.
650 #7 - PUNTO DE ACCESO ADICIONAL DE MATERIA--TÉRMINO DE MATERIA
Término de materia o nombre geográfico como elemento de entrada Poesías españolas
Fuente del encabezamiento o término embne
9 (RLIN) 16214
700 1# - ENTRADA AGREGADA--NOMBRE PERSONAL
Nombre de persona Ly, Nadine.
9 (RLIN) 141123
830 0# - PUNTO DE ACCESO ADICIONAL DE SERIE-TÍTULO UNIFORME
Título uniforme Bibliothèque de la Pléiade ;
Designación de volumen o secuencia 419
9 (RLIN) 180233
830 0# - PUNTO DE ACCESO ADICIONAL DE SERIE-TÍTULO UNIFORME
Título uniforme NRF
9 (RLIN) 189100
852 4# - LOCALIZACIÓN
Ubicación ES-MaACL
Número de control de estantería E-12895
Nota libre . - Biblioteca Jacinto Martínez Lacalle
Holdings
Estatus retirado Estado de pérdida Estado de daño No para préstamo Biblioteca de origen Biblioteca actual Ubicación en estantería Fecha de adquisición Fuente de adquisición Total de préstamos Signatura topográfica completa Código de barras Visto por última vez Precio de reemplazo Tipo de ítem Koha
        Biblioteca del Ateneo de Madrid Biblioteca del Ateneo de Madrid Depósito 2 28/07/2009     E-12895 1181142 23/02/2023 23/02/2023 Libro impreso